| 000 | 00546 a2200193 4500 | ||
|---|---|---|---|
| 005 | 20250408171956.0 | ||
| 010 | _aENG-144557 | ||
| 020 |
_c470.00 _a9788119131099 |
||
| 035 | _aEN-128089 | ||
| 037 | _bDBAD | ||
| 082 | 1 | 4 | _a485 |
| 100 | 1 |
_aMUK _980466 |
|
| 245 | 1 |
_aThe Art of English Writing/ _cBitter C Mukkolakkal |
|
| 250 | _a1 | ||
| 260 |
_aThiruvananthapuram _bChintha Publishers _c2024 |
||
| 270 |
_bThiruvananthapuram _mwww. chinthapublishers.com |
||
| 300 |
_a352p. _c22cm (pb) |
||
| 942 |
_adpl _cEN _2ddc _h485 _mMUK |
||
| 999 |
_c210889 _d210889 |
||